00466nam a22001817a 450000500170000000800410001702000150005804000070007304100120008008200220009210000120011424500400012626000430016630000260020936500190023565000160025470000140027020220405101636.0220405b ||||| |||| 00| 0 eng d a8190041819 cAL aEnglish 223a361.614bJHAR aR C Jha aResurrecting:a human right in India aNew DelhibSheriden Book Companyc1995 a124 p.bHBc22x14 cm. c₹d₹195.00 aHuman right aJHA (R C)